Vị giám đốc một phút, đưa các nguyên tắc vào thực tế
Spremljeno u:
| Glavni autor: | |
|---|---|
| Format: | Knjiga |
| Izdano: |
TP. HCM
Trẻ
2000
|
| Teme: | |
| Oznake: |
Dodaj oznaku
Bez oznaka, Budi prvi tko označuje ovaj zapis!
|
| Thư viện lưu trữ: | Trung tâm Học liệu Lê Vũ Hùng, Trường Đại học Đồng Tháp |
|---|
| LEADER | 00726pam a22002298a 4500 | ||
|---|---|---|---|
| 001 | 00032170 | ||
| 005 | 20171026081025.0 | ||
| 008 | 140515s2000 |||||| sd | ||
| 020 | # | # | |c 9000 |
| 082 | # | # | |a 658 |b V300Gi |
| 100 | # | # | |a Thiên Quang |e Biên dịch |
| 245 | # | # | |a Vị giám đốc một phút, đưa các nguyên tắc vào thực tế |c Thiên Quang (dịch) |
| 260 | # | # | |a TP. HCM |b Trẻ |c 2000 |
| 300 | # | # | |a 96 tr. |c 19 cm. |
| 653 | # | # | |a Giám đốc |
| 653 | # | # | |a Nguyên tắc |
| 653 | # | # | |a Lãnh đạo |
| 852 | # | # | |b Kho đọc |j KD.0015775 |
| 852 | # | # | |j KD.0015775 |
| 910 | |d 15/5/2014 | ||
| 980 | # | # | |a Trung tâm Học liệu Lê Vũ Hùng, Trường Đại học Đồng Tháp |